000 00288nam a22001337a 4500
008 170619b xxu||||| |||| 00| 0 eng d
020 _a9780743272230
041 _aeng
080 _a94
100 _a18
101 _aSHH
245 _aSTATE OF DENIAL
_cWOODWARD.B
942 _2udc
_cBK
999 _c18136
_d18136